Sports Quiz

Random Sports or Auto Racing Quiz
Score 0/42 Timer 15:00
0 Plays Today
Position Driver % Correct
7Dale Earnhardt
90.7%
4Jeff Gordon
86.9%
1Sterling Marlin
84.4%
3Terry Labonte
80.6%
13Mark Martin
80.6%
39Kyle Petty
80.6%
16Bobby Labonte
80.3%
28Darrell Waltrip
78.9%
31Michael Waltrip
78.9%
9Bill Elliott
76.8%
41Rusty Wallace
76.1%
8Ricky Rudd
75.8%
35Dale Jarrett
75.4%
2Ernie Irvan
73.7%
11Geoffrey Bodine
72%
32Brett Bodine
72%
36Todd Bodine
71.6%
10Ken Schrader
70.6%
34Harry Gant
67.5%
26Jeff Burton
65.4%
12Bobby Hamilton
65.1%
Position Driver % Correct
5Morgan Shepherd
64.4%
27Rick Mast
64.4%
37Jimmy Spencer
63.3%
38Ted Musgrave
63%
42John Andretti
61.6%
20Dick Trickle
58.1%
25Dave Marcis
57.8%
14Lake Speed
56.1%
21Derrike Cope
54.7%
33Hut Stricklin
54.3%
22Loy Allen, Jr.
49.8%
17Wally Dallenbach, Jr.
48.1%
6Greg Sacks
47.8%
29Chad Little
47.1%
24Bobby Hillin, Jr.
46.7%
30Jeremy Mayfield
45%
40Robert Pressley
38.8%
23Chuck Bown
24.2%
18Joe Ruttman
23.9%
15Jimmy Hensley
22.1%
19Jimmy Horton
13.5%
Remove Ads.
Support Sporcle.
Get the best of Sporcle when you Go Orange. This ad-free experience offers more features, more stats, and more fun while also helping to support Sporcle. Thank you for becoming a member.

You're not logged in!

Compare scores with friends on all Sporcle quizzes.
OR
Log In

Sporcle TV

Today on Sporcle TV


Watch our educational content, quiz creation guides, and fun videos on Sporcle TV.

Show Comments

Extras

Top Quizzes Today


Score Distribution

Paid Content

Your Account Isn't Verified!

In order to create a playlist on Sporcle, you need to verify the email address you used during registration. Go to your Sporcle Settings to finish the process.

Report this User

Report this user for behavior that violates our Community Guidelines.

Details: